Automatizácia stavebného a urbanistického projektovania

Enregistré dans:
Détails bibliographiques
Format: Livre
Langue:slovaque
Publié: Bratislava Dom techniky ČSVTS 1979
Tags: Ajouter un tag
Pas de tags, Soyez le premier à ajouter un tag!

MARC

LEADER 00000nam a2200000 4500
001 0222166
005 20240822101700.4
041 0 |a slo 
044 |a SK 
245 1 0 |a Automatizácia stavebného a urbanistického projektovania 
264 1 |a Bratislava  |b Dom techniky ČSVTS  |c 1979 
300 |a 152 s.